000
00231 a2200097 4500
001
41788
100
_a
Mcloughlin E V
245
_a
The Book of Knowledge (Vol-XI)
260
_a
New York
_b
Grolier Society
_c
090
_c
25899
_d
25899
942
_a
NUST-CAE
_c
M
_c
17667
999
_c
276861
_d
276861